LEADER 04394nam 2200709 450 001 9910456188303321 005 20200520144314.0 010 $a1-4426-8361-9 010 $a9786612003233 010 $a1-282-00323-2 024 7 $a10.3138/9781442683617 035 $a(CKB)2430000000000780 035 $a(EBL)3254801 035 $a(OCoLC)923068270 035 $a(SSID)ssj0000313540 035 $a(PQKBManifestationID)11925286 035 $a(PQKBTitleCode)TC0000313540 035 $a(PQKBWorkID)10367032 035 $a(PQKB)11390965 035 $a(CaBNvSL)thg00600121 035 $a(MiAaPQ)EBC3254801 035 $a(MiAaPQ)EBC4672268 035 $a(DE-B1597)465132 035 $a(OCoLC)1004872610 035 $a(OCoLC)944177158 035 $a(DE-B1597)9781442683617 035 $a(Au-PeEL)EBL4672268 035 $a(CaPaEBR)ebr11257942 035 $a(OCoLC)958562733 035 $a(EXLCZ)992430000000000780 100 $a20160922h20022002 uy 0 101 0 $aeng 135 $aur|n|---||||| 181 $ctxt 182 $cc 183 $acr 200 00$aWomen's legal strategies in Canada /$fedited by Radha Jhappan 210 1$aToronto, [Ontario] ;$aBuffalo, [New York] ;$aLondon, [England] :$cUniversity of Toronto Press,$d2002. 210 4$dİ2002 215 $a1 online resource (418 p.) 300 $aDescription based upon print version of record. 311 $a0-8020-7667-X 311 $a0-8020-0721-X 320 $aIncludes bibliographical references. 327 $tFrontmatter -- $tContents -- $tContributors -- $tPart I. Introduction: Why Do Law? -- $t1. Introduction: Feminist Adventures in Law / $rJhappan, Radha -- $t2. Feminist Movement in Law: Beyond Privileged and Privileging Theory / $rMclntyre, Sheila -- $tPart II. Equality Strategies -- $t3. Women's (In)Equality before and after the Charter / $rMajury, Diana -- $t4. Towards a Democratic Practice of Feminist Litigation? LEAF's Changing Approach to Charter Equality / $rGotell, Lise -- $t5. The Equality Pit or the Rehabilitation of Justice? / $rJhappan, Radha -- $tPart III. Race and Citizenship -- $t6. Negotiating the Citizenship Divide: Foreign Domestic Worker Policy and Legal Jurisprudence / $rStasiulis, Daiva / Bakan, Abigail B. -- $t7.Beyond the Confinement of Gender: Locating the Space of Legal Existence for Racialized Women / $rSt Lewis, Joanne -- $tPart IV. Family and Reproduction -- $t8. Abortion Litigation / $rMartin, Sheilah L. -- $t9. Legal as Political Strategies in the Canadian Women's Movement: Who's Speaking? Who's Listening? / $rPhillips, Susan D. 330 $aHave Canadian women gained from their pursuit of legal remedies to social, political, economic, and cultural inequalities? Is law a fruitful avenue for such struggles? Using liberal feminist, postmodern, critical, race, and queer theory, these essays confront the anti-rights critiques of the legal Left regarding the use of law in general and the Charter in particular. Several chapters explicitly examine the strategic limits and possibilities of the substantive equality rights approaches pursued by LEAF (The Women's Legal Education and Action Fund). Others focus on legal strategies mobilized in discreet areas of law and public policy by foreign domestic workers and racialized women, lesbians, women seeking reproductive freedom, women in the childcare movement, and anti-violence advocates. Recognizing the diversity of women across class, citizenship, race and ethnicity, sexual identity, culture, and (dis)ability, this collection evaluates the efficacy of the wide range of legal and political strategies women have employed, particularly in this post-Charter era. Women's Legal Strategies in Canada is the most comprehensive account of these important issues and will surely become the standard work in the field. 606 $aWomen$xLegal status, laws, etc$zCanada 606 $aWomen's rights$zCanada 606 $aFeminist jurisprudence$zCanada 608 $aElectronic books. 615 0$aWomen$xLegal status, laws, etc. 615 0$aWomen's rights 615 0$aFeminist jurisprudence 676 $a342.71/0878 702 $aJhappan$b Radha, 801 0$bMiAaPQ 801 1$bMiAaPQ 801 2$bMiAaPQ 906 $aBOOK 912 $a9910456188303321 996 $aWomen's legal strategies in Canada$92469126 997 $aUNINA LEADER 02454nam 2200589 450 001 9910480984303321 005 20170822144423.0 010 $a1-4704-0361-7 035 $a(CKB)3360000000464947 035 $a(EBL)3114502 035 $a(SSID)ssj0000973891 035 $a(PQKBManifestationID)11553215 035 $a(PQKBTitleCode)TC0000973891 035 $a(PQKBWorkID)10985162 035 $a(PQKB)10189983 035 $a(MiAaPQ)EBC3114502 035 $a(PPN)19541649X 035 $a(EXLCZ)993360000000464947 100 $a20020613h20022002 uy| 0 101 0 $aeng 135 $aur|n|---||||| 181 $ctxt 182 $cc 183 $acr 200 10$aSegre's reflexivity and an inductive characterization of hyperquadrics /$fYasuyuki Kachi, Eiichi Sato 210 1$aProvidence, Rhode Island :$cAmerican Mathematical Society,$d[2002] 210 4$dİ2002 215 $a1 online resource (133 p.) 225 1 $aMemoirs of the American Mathematical Society,$x0065-9266 ;$vnumber 763 300 $a"Volume 160, number 763 (end of volume)." 311 $a0-8218-3225-5 320 $aIncludes bibliographical references (pages 105-116). 327 $a""Contents""; ""0. Introduction""; ""1. The universal pseudoa???quotient for a family of subvarieties""; ""2. Normal bundles of quadrics in X a??? The splitting type on lines""; ""3. Morphisms from quadrics to Grassmannians.""; ""4. Pointwise uniform vector bundles on non-singular quadrics""; ""5. Theory of extensions of families over Hilbert schemes.""; ""6. Existence of algebraic quotient a??? proof of Theorem 0.3""; ""A. Appendix. Deformations of vector bundles on infinitesimallyrigid projective varieties with null global ia???forms""; ""References"" 410 0$aMemoirs of the American Mathematical Society ;$vno. 763. 606 $aVarieties (Universal algebra) 606 $aAlgebraic cycles 606 $aIntersection theory 608 $aElectronic books. 615 0$aVarieties (Universal algebra) 615 0$aAlgebraic cycles. 615 0$aIntersection theory. 676 $a510 s 676 $a516.3/53 700 $aKachi$b Yasuyuki$f1969-$0304480 702 $aSato$b Eiichi$f1947- 801 0$bMiAaPQ 801 1$bMiAaPQ 801 2$bMiAaPQ 906 $aBOOK 912 $a9910480984303321 996 $aSegre's reflexivity and an inductive characterization of hyperquadrics$92100125 997 $aUNINA